| Tag |
First Indicator |
Second Indicator |
Subfields |
| LEADER |
00000cam a2200000 a 4500 |
| 001 |
in00000020782 |
| 005 |
20151007055455.0 |
| 008 |
880824s1976 ncu b 00010 eng d |
| 035 |
|
|
|a (OCoLC)18398018
|
| 035 |
|
|
|9 AAB8347AM
|
| 040 |
|
|
|a TXA
|c TXA
|d UtOrBLW
|
| 043 |
|
|
|a n-us-nc
|
| 049 |
|
|
|a TXAM
|c [A09125197]
|
| 050 |
|
4 |
|a HD7288.85.U62
|b N97 1976
|
| 100 |
1 |
|
|a Salamon, Lester M.
|
| 245 |
1 |
4 |
|a The substandard rental housing market in Durham :
|b toward an inner-city housing policy /
|c Lester M. Salamon.
|
| 264 |
|
1 |
|a Durham, N.C. :
|b Duke University,
|c [1976]
|
| 300 |
|
|
|a xv, 57 leaves ;
|c 28 cm.
|
| 336 |
|
|
|a text
|b txt
|2 rdacontent
|
| 337 |
|
|
|a unmediated
|b n
|2 rdamedia
|
| 338 |
|
|
|a volume
|b nc
|2 rdacarrier
|
| 490 |
0 |
|
|a Durham Urban Observatory report
|
| 500 |
|
|
|a Research conducted pursuant to contract between Dept. of Housing and Urban Development and League of Cities-Conference of Mayors.
|
| 500 |
|
|
|a "July 1976."
|
| 504 |
|
|
|a Includes bibliographical references.
|
| 650 |
|
0 |
|a Rental housing
|z North Carolina
|z Durham.
|
| 650 |
|
0 |
|a Housing policy
|z North Carolina
|z Durham.
|
| 710 |
1 |
|
|a United States.
|b Department of Housing and Urban Development.
|
| 710 |
2 |
|
|a National League of Cities--United States Conference of Mayors.
|
| 710 |
2 |
|
|a Durham Urban Observatory.
|
| 999 |
|
|
|a MARS
|
| 999 |
f |
f |
|s 36966fde-290b-3ce6-b34a-294e06c553c4
|i 343014cc-30f4-3889-a9b2-a81d594771df
|t 0
|
| 952 |
f |
f |
|p ric
|a Texas A&M University
|b Rellis Campus
|c Joint Library Facility
|d Remote Storage
|t 0
|e HD7288.85 .U62 N97 1976
|h Library of Congress classification
|i unmediated -- volume
|m A14809125197
|
| 998 |
f |
f |
|a HD7288.85 .U62 N97 1976
|t 0
|l Remote Storage
|